书目信息 |
| 题名: |
以学生为中心
|
|
| 作者: | 赵炬明 著 | |
| 分册: | ||
| 出版信息: | 北京 北京大学出版社 2023.10 |
|
| 页数: | 17, 474页 | |
| 开本: | 27cm | |
| 丛书名: | 大学之道 | |
| 单 册: | ||
| 中图分类: | G649.21 | |
| 科图分类: | ||
| 主题词: | 高等学校--gao deng xue xiao--教育改革--研究--中国 | |
| 电子资源: | ||
| ISBN: | 978-7-301-34336-4 | |
| 000 | 01606nam 2200289 450 | |
| 001 | 2437438162 | |
| 005 | 20250311111638.34 | |
| 010 | @a978-7-301-34336-4@b精装@dCNY98.00 | |
| 100 | @a20231020d2023 em y0chiy0120 ea | |
| 101 | 0 | @achi |
| 102 | @aCN@b110000 | |
| 105 | @aak a 000yy | |
| 200 | 1 | @a以学生为中心@Ayi xue sheng wei zhong xin@e当代本科教育改革之道@f赵炬明著 |
| 210 | @a北京@c北京大学出版社@d2023.10 | |
| 215 | @a17, 474页@c图@d27cm | |
| 225 | 2 | @a大学之道@Ada xue zhi dao@v12 |
| 314 | @a赵炬明, 华中科技大学教育科学院教授、博士生导师, 西安欧亚学院高级顾问, 广东白云学院董事。曾任中国高等教育研究会院校研究专业委员会副主任兼秘书长, 华中科技大学院校发展研究中心副主任、院校研究所所长, 清华大学伟伦特聘教授, 北京理工大学、同济大学等高校兼职教授。主要研究领域: 中美高等教育比较、SC本科教学改革、院校研究、中美科学系统比较、认知哲学与认知心理学。 | |
| 320 | @a有书目 | |
| 330 | @a本书全面系统地探究了“以学生为中心”本科教育改革的方方面面, 包括科学基础、实践路径、方法论、学习环境、教育技术、评价评估、组织管理等, 为关心中国本科教育质量提升的读者提供了一份简明而清晰的知识地图, 并结合中国本科教育改革需要, 就如何在中国开展相关教学改革和支持系统改革, 提出了一系列建议。整个研究前后持续十年, 书中的许多概念和理论已对中国高等教育产生了积极影响。 | |
| 410 | 0 | @12001 @a大学之道@v12 |
| 503 | @n河南城建学院图书馆 | |
| 517 | 1 | @a当代本科教育改革之道@Adang dai ben ke jiao yu gai ge zhi dao |
| 606 | 0 | @a高等学校@Agao deng xue xiao@x教育改革@x研究@y中国 |
| 690 | @aG649.21@v5 | |
| 701 | 0 | @a赵炬明@Azhao ju ming@4著 |
| 801 | 0 | @aCN@c20231020 |
| 905 | @dG649.21@eZ304@f1@sG649.21/Z304 | |
| 以学生为中心:当代本科教育改革之道/赵炬明著.-北京:北京大学出版社,2023.10 |
| 17, 474页:图;27cm.-(大学之道;12) |
| ISBN 978-7-301-34336-4(精装):CNY98.00 |
| 本书全面系统地探究了“以学生为中心”本科教育改革的方方面面, 包括科学基础、实践路径、方法论、学习环境、教育技术、评价评估、组织管理等, 为关心中国本科教育质量提升的读者提供了一份简明而清晰的知识地图, 并结合中国本科教育改革需要, 就如何在中国开展相关教学改革和支持系统改革, 提出了一系列建议。整个研究前后持续十年, 书中的许多概念和理论已对中国高等教育产生了积极影响。 |
| ● |
| 相关链接 |
|
|
|
正题名:以学生为中心
索取号:G649.21/Z304
 
预约/预借
| 序号 | 登录号 | 条形码 | 馆藏地/架位号 | 状态 | 备注 |
| 1 | 1554789 | 215547898 | 材料与化工学院资料室/ [索取号:G649.21/Z304] | 在馆 | |
| 2 | 1554790 | 215547905 | 材料与化工学院资料室/ [索取号:G649.21/Z304] | 在馆 | |
| 3 | 1554791 | 215547914 | 材料与化工学院资料室/ [索取号:G649.21/Z304] | 在馆 | |
| 4 | 1554792 | 215547923 | 材料与化工学院资料室/ [索取号:G649.21/Z304] | 在馆 | |
| 5 | 1554793 | 215547932 | 材料与化工学院资料室/ [索取号:G649.21/Z304] | 在馆 | |
| 6 | 1554794 | 215547941 | 材料与化工学院资料室/ [索取号:G649.21/Z304] | 在馆 | |
| 7 | 21612897 | 216128973 | 社科库409/409社科库 15排1列3层/ [索取号:G649.21/Z304] | 在馆 |